000 02975cam a2200313 a 4500
003 EG-GiCUC
005 20250223031641.0
008 170121s2017 ua f m 000 0 ara d
040 _aEG-GiCUC
_bara
_cEG-GiCUC
041 0 _aara
049 _aايداع
097 _aدكتوراه
099 _aCai01.04.04.Ph.D.2017.عى.ح
100 0 _aعياد على شعبان دربال
245 1 0 _aحق المرأة في المساواة بالرجل بين القانون الدولي والشريعة الإسلامية :
_bدراسة مقارنة في إطار الخصوصية الثقافية للدول الإسلامية /
_cعياد على شعبان دربال ؛ اشراف أحمد أبوالوفا محمد
260 _aالقاهرة :
_bعياد على شعبان دربال :
_c2017
300 _a673ص ؛
_c25سم
502 _aاطروحة (دكتوراه) - جامعة القاهرة - كلية الحقوق - قسم القانون الدولى العام
520 _aأخفق منهجا عالمية حقوق الإنسان ونسبيتها في علاج التعارض بين حق المرأة في المساواة بالرجل وقوانين الأسرة في مصر وليبيا والتي تعامل المرأة معاملة مختلفة عن الرجل في مسائل تعدد الزوجات والطلاق والميراث. ولهذا قدمت الدراسة منهجاً بديلاً يعالج هذا التعارض بطريقة قانونية: ويتمثل في مبدأي التناسب والهامش التقديري. طبقت الدراسة هذين المبدأين فانتهت إلى أن تدخل الدولة في مصر وليبيا في حق المرأة في المساواة بالرجل في شؤون تعدد الزوجات والطلاق والميراث هو تدخل ضروري لتلبية حاجة اجتماعية ملحة تفوق الحاجة إلى إعمال حق المرأة في المساواة بالرجل في هذه المسائل. كما أثبتت تحقق حالة التناسب في الإجراءات التقييدية من حيث إن وسائل التقييد المتبناة في قوانين الدولتين هي أخف الوسائل حدةً لتحقيق الأهداف المشروعة المتغياة من التقييد. وبالتالي: فإن القيود المفروضة على حق المرأة في المساواة في الشؤون المذكورة موافقة للشروط المقررة في القانون الدولي لحقوق الإنسان.
530 _aصدر ايضا كقرص مدمج
653 4 _aالحق فى الخصوصية الثقافية
653 4 _aالحق فى المساواة
653 4 _aحقوق المرأة فى الاسلام
700 0 _aأحمد أبوالوفا محمد :
_eمشرف
856 _uhttp://172.23.153.220/th.pdf
905 _aNazla
_eRevisor
905 _aSoheir
_eCataloger
942 _2ddc
_cTH
999 _c59515
_d59515